| 000 | 01070 a2200169 4500 | ||
|---|---|---|---|
| 003 | NUST | ||
| 005 | 20221228175230.0 | ||
| 040 | _cNust | ||
| 082 | _a355.40,MAR | ||
| 100 |
_aMarlowe, Christopher. _9106275 |
||
| 245 |
_aThe Tragical history of doctor Faustus / _cChrhistopher Marlowe |
||
| 260 |
_aLahore _bKitab Mahal |
||
| 300 | _a370 p.; | ||
| 505 | _aIntroduction to christopher marlowe (Page-17), The story of Doctor fanstns (Page-48), Characters of the play (Page-66), The tragical history of Doctor Faustus (Page-72), Plot construction of Doctor Faustus (Page-182), The theme of Doctor Faustus (Page-186), Marlowe and shakespeare the writers of tragedy (Page-199), Spirit of atheism in Doctor Faustus (Page-207), Doctor Faustus a Morality play (Page-215), Doctor Faustus its tragic coutflict (Page-254), Various stages of damnation of Doctor Faustus (Page-275), Selected critical questions with answers (Page-319), Chronology of important dates (Page-368), Select Bibliography (Page-370). | ||
| 650 |
_aTragical history _9106276 |
||
| 942 |
_2ddc _cBK _k355.4,MAR |
||
| 999 |
_c215426 _d215426 |
||